00366 a2200109 4500001001000000005001700010008004100027245007600068100002700144773006800171999001700239ART_3823220260410161804.0260409a 10aApostillas sobre la persona jurídica en el Código Civil y Comercial1 aJunyent Bas, Francisco0 tDoctrina Societaria y Concursalg- Nº 327 (feb. 2015)wREV4298 c20817d20817